| 000 | 00661nam a2200205Ia 4500 | ||
|---|---|---|---|
| 005 | 20250508161853.0 | ||
| 008 | 008 250505s9999 xx 000 0 eng d | ||
| 037 | _aTextual | ||
| 040 |
_aFEDL _beng _cFEDL |
||
| 041 |
_aeng _2eng |
||
| 084 |
_a371.4, BRE _qFEDL |
||
| 100 | _aBrembeck Cole S | ||
| 245 | 0 | _aNew Strategies for educational development : The cross - cultural search for nonformal alternatives | |
| 260 |
_aToronto, Canada _bLexington Books _c1973 |
||
| 300 | _axviii,219p | ||
| 650 | _aEducational guidance and Counseling | ||
| 700 |
_a Thompson Timothy J _9771711 |
||
| 942 |
_cTEXL _h371.4, BRE |
||
| 999 |
_c1372840 _d1372840 |
||